| 000 | 01011nam a2200265 i 4500 | ||
|---|---|---|---|
| 001 | 6618 | ||
| 003 | ES-MaACL | ||
| 005 | 20230906145022.0 | ||
| 008 | 900118s1989 sp ||||1| spa d | ||
| 020 | _a84-451-0122-6 | ||
| 080 | _a77 Ros Ribas, Josep (064.3) | ||
| 100 | 1 |
_aRos Ribas, Josep. _9173396 |
|
| 245 | 1 | 0 |
_aLuz perpetua : _bfotografías de danza : [exposición] Madrid, Teatro Albéniz, mayo-junio 1989 / _cRos Ribas. |
| 260 |
_aMadrid : _bConsejería de Cultura, _c1989. |
||
| 300 |
_a[3] p., [167] p. de lám. fot. ; _c27 cm. |
||
| 600 | 1 | 4 |
_aRos Ribas, Josep- _vExposiciones. _9173397 |
| 650 | 4 |
_aFotografía- _zEspaña- _yS.XX- _vExposiciones. _9173401 |
|
| 650 | 4 |
_aDanza- _xEn el arte- _vExposiciones. _9173402 |
|
| 655 | 7 |
_2tgfbne _9193628 _aCatálogos de exposiciones |
|
| 710 | 2 |
_aTeatro Albéniz (Madrid) _9147838 |
|
| 710 | 1 |
_aMadrid (Comunidad Autónoma). _bConsejería de Cultura y Deportes. _95596 |
|
| 852 |
_aES-MaACL _jL-13744 |
||
| 942 | _2udc | ||
| 999 |
_c6618 _d6618 |
||